| 000 | 00473nam a2200157Ia 4500 | ||
|---|---|---|---|
| 008 | 220216s9999 xx 000 0 und d | ||
| 100 | _aJacob J.[a] | ||
| 245 | 4 | _aThe science, politics and economics of global climate change: Implications for the carbon sink projects | |
| 260 |
_bCurrent Science _c2005 |
||
| 300 | _a464-474 | ||
| 650 | _aCarbon sink project | ||
| 650 | _aGlobal climate change | ||
| 650 | _aGreenhouse gas | ||
| 650 | _aKyoto protocol | ||
| 942 | _cBS | ||
| 999 |
_c52145 _d52145 |
||